000 00305nam a2200121Ia 4500
008 170620s9999 xx 000 0 und d
100 _aAGRAWAL - O.P.
245 0 _aORGANIC CHEMISTRY NATURAL PRODUCT
260 _bVALLABH DELHI
260 _c2006
300 _a528
546 _aEnglish
690 _aORGANIC CHEMISTRY NATURAL PRODUCT
999 _c30872
_d30872